|
|
|
|
| LEADER |
00000cam a2200000 a 4500 |
| 001 |
vtls008373661 |
| 003 |
SK-MaSNL |
| 005 |
20260301151816.0 |
| 008 |
200104s1919 xo g 000 0 slo |
| 015 |
|
|
|a SNBA19191938-003439
|
| 035 |
|
|
|a SK01SNKBSKHR20010065878
|
| 035 |
|
|
|a urn:nbn:sk:snk-am3hikv
|
| 035 |
|
|
|a 5943620F-88F1-48C7-884D-BD374A224B9E
|
| 035 |
|
|
|a urn:nbn:sk:snk-am00d1li
|
| 035 |
|
|
|a SKM000068341
|
| 040 |
|
|
|a SNK
|b slo
|c SNK
|e AACR2
|
| 041 |
0 |
|
|a slo
|
| 044 |
|
|
|a xo
|c SK
|
| 080 |
|
|
|a 242
|2 1981
|
| 245 |
0 |
0 |
|a Hodinky o nepoškvrnenom počatí najčistotnejšej Panny Márie
|b výňatok zo Svätého Škapulára, cirkevnou vrchnosťou v Ostrihome povoleného pod čísl. 2199/1912
|
| 260 |
|
|
|a Trnava
|b Spolok sv. Vojtecha
|c 1919
|e Trnava
|f Fr. Urbánek
|
| 300 |
|
|
|a 16 s.
|c 15 cm
|
| 650 |
0 |
7 |
|a rozjímanie
|2 SNKPH
|9 2010
|
| 655 |
|
7 |
|a brožúry
|2 SNKPH
|9 70146
|
| 958 |
|
|
|a ONDV
|
| 958 |
|
|
|a RK
|
| 958 |
|
|
|a NT
|
| 999 |
|
|
|c 787639
|d 789569
|
| 952 |
|
|
|a SNK
|b SNK
|y PREZ
|7 0
|p 17A0744612
|o snkSE 3973
|i snkF 3987/65
|8 5
|0 0
|1 0
|4 0
|d 2018-05-11
|f 1
|l 0
|r 2026-02-24 01:25:34
|w 2026-02-24
|